Giáo trình Luật dân sự Việt Nam

Khái niệm về nghĩa vụ dân sự và hợp đồng dân sự. Các hợp đồng dân sự thông dụng. Nghĩa vụ hoàn trả do chiếm hữu, sử dụng tài sản không có căn cứ pháp luật. Trách nhiệm bồi thường thiệt hại ngoài hợp đồng. Chuyển quyền sử dụng đa...

Description complète

Enregistré dans:
Détails bibliographiques
Format: Livre
Langue:Undetermined
Publié: Hà Nội Công an nhân dân 1997
Sujets:
Tags: Ajouter un tag
Pas de tags, Soyez le premier à ajouter un tag!
Thư viện lưu trữ: Trung tâm Học liệu Trường Đại học Cần Thơ
LEADER 01059nam a2200181Ia 4500
001 CTU_27649
008 210402s9999 xx 000 0 und d
082 |a 346.597 
082 |b Gi108/T.2 
245 0 |a Giáo trình Luật dân sự Việt Nam 
245 0 |c Nguyễn Minh Tuấn (chủ biên) 
260 |a Hà Nội 
260 |b Công an nhân dân 
260 |c 1997 
520 |a Khái niệm về nghĩa vụ dân sự và hợp đồng dân sự. Các hợp đồng dân sự thông dụng. Nghĩa vụ hoàn trả do chiếm hữu, sử dụng tài sản không có căn cứ pháp luật. Trách nhiệm bồi thường thiệt hại ngoài hợp đồng. Chuyển quyền sử dụng đất. Quyền sở hữu trí tuệ và chuyển giao công nghệ. Quan hệ dân sự có yếu tố nước ngoài 
650 |a Civil law ( vietnamese law ) 
904 |i Minh, 981230 
980 |a Trung tâm Học liệu Trường Đại học Cần Thơ